Statistics for 3 biggest cities by country (America)

Click here to take the quiz!

General Stats

  • This quiz has been taken 340 times
  • The average score is 17 of 24

Answer Stats

Answer% Correct
Los Angeles
99%
New York City
99%
Mexico City
98%
Toronto
98%
Montreal
97%
Rio de Janeiro
97%
Chicago
96%
Buenos Aires
95%
Sao Paulo
95%
Bogota
94%
Caracas
94%
La Paz
92%
Guadalajara
85%
Calgary
75%
Medellin
74%
Cali
67%
Salvador
53%
Cordoba
51%
Rosario
45%
Maracaibo
43%
Valencia
27%
Ecatepec
16%
Santa Cruz de la Sierra
16%
El Alto
11%

Score Distribution

Percentile by Number Answered

Percent of People with Each Score

Your Score History

You have not taken this quiz